|
|
|
|
| LEADER |
00000cam a2200000 7i4500 |
| 001 |
0000002693 |
| 005 |
20220105103937.0 |
| 008 |
070713 |
| 020 |
|
|
|a 0746057830
|
| 090 |
0 |
0 |
|a JP
|b AD ENG (2424)
|
| 100 |
1 |
|
|a Bingham, Jane
|
| 245 |
1 |
4 |
|a The story of :
|b Trains
|c Jane Bingham;llustrated by Colin King
|
| 260 |
|
|
|a Usbone :
|b India ,
|c 2004
|
| 440 |
|
|
|a Usborne young reading:Series Two
|
| 500 |
|
|
|a Children age 4-6 years old (yellow)
|
| 650 |
|
0 |
|a Adventure
|x Fiction
|
| 700 |
0 |
|
|a King, Colin
|
| 999 |
|
|
|a 0000896249
|b Book
|c Children Collection
|e Cawangan Tmn. Ungku Tun Aminah
|
| 999 |
|
|
|a 0000896252
|b Book
|c Children Collection
|e Cawangan Segamat
|
| 999 |
|
|
|a 0000896253
|b Book
|c Children Collection
|e Cawangan Mersing
|
| 999 |
|
|
|a 0000896255
|b Book
|c Children Collection
|e Cawangan Bandar Penawar
|
| 999 |
|
|
|a 0000896257
|b Book
|c Children Collection
|e Cawangan Pontian
|
| 999 |
|
|
|a 0000961951
|b Book
|c Children Collection
|e Perbadanan Perpustakaan Awam Johor
|
| 999 |
|
|
|a 0000961953
|b Book
|c Children Collection
|e Perbadanan Perpustakaan Awam Johor
|
| 999 |
|
|
|a 0000966156
|b Book
|c Children Collection
|e Cawangan Mersing
|
| 999 |
|
|
|a 0000966157
|b Book
|c Children Collection
|e Perbadanan Perpustakaan Awam Johor
|
| 999 |
|
|
|a 0000966159
|b Book
|c Children Collection
|e Cawangan Bandar Penawar
|